000 00806nam a2200229 a 4500
001 BRCA_8462
005 20190320210307.0
008 141215s2015----mx-a######---#000-0#spa-#
020 _a9786074847079
041 _aspa
044 _amx
050 4 _aND259.C17
_b.M54 2015
245 1 0 _aMiguel Cabrera
_blas tramas de la creación
_ccoordinación curatorial y texto Verónica Zaragoza.
260 _aMéxico
_bINAH
_c2015
300 _a63 p.
_bil. a color
_c30 cm.
500 _aIncluye lista de obra
500 _aCatálogo de la exposición realizada en el Museo Nacional del Virreinato, 7 noviembre, 2015 - 21 febrero, 2016
504 _aBibliografía : p. 60-61
600 1 4 _aCabrera, Miguel
_d1695-1768
_xCrítica e interpretación
_921190
700 1 _aZaragoza, Verónica
_921191
942 _2lcc
_cB
999 _c8129
_d8129